Harry Potter Logic Quiz: Flitwick's Choir Stats

 Plays Quiz not verified by Sporcle

Score 0/20 Timer 20:00
0 Plays Today
% Correct




C2



???
100%




A1



???
73.7%




E4



???
70.8%




A4



???
69.6%




E1



???
68.1%




B1



???
63.6%




D3



???
59.3%




B2



???
55.9%




D1



???
54.1%




E2



???
50.5%
% Correct




A2



???
49.9%




B4



???
41.3%




D4



???
41.2%




E3



???
35.7%




A3



???
35.6%




B3



???
31.7%




C3



???
31.2%




D2



???
26.3%




C1



???
25.7%




C4



???
25%

You're not logged in!

Compare scores with friends on all Sporcle quizzes.
OR
Log In

You Might Also Like...

Show Comments

Extras

Top Quizzes Today


Score Distribution

Your Account Isn't Verified!

In order to create a playlist on Sporcle, you need to verify the email address you used during registration. Go to your Sporcle Settings to finish the process.

Report this User

Report this user for behavior that violates our Community Guidelines.

Details: